000 00365nam a2200145Ia 4500
008 150201s2012 xx 000 0 und d
082 _a617.3
_bO12N
100 _aNATARAJAN, MAYIL VAHANAN
245 _aTB. OF ORTHOPAEDICS AND TRUMATOLOGY
250 _a7TH
260 _bWOLTERS KLUWAR
_aDELHI
_c2012
300 _a1-371
650 _aORTHOPAEDIC
942 _2ddc
_cBK
999 _c1417
_d1417